Children, Media, and Pandemic Parenting : Family Life in Uncertain Times.

This book examines changes in families' rules and routines connected with media during the pandemic and shifts in parents' understanding of children's media use.

Bibliographic Details
Main Author: Willett, Rebekah.
Other Authors: Zhao, Xinyu.
Format: eBook
Language:English
Published: Oxford : Taylor & Francis Group, 2024.
Edition:1st ed.
Series:Routledge Studies in New Media and Cyberculture Series
Subjects:
Online Access:Click to View
LEADER 05614nam a22004333i 4500
001 EBC31498811
003 MiAaPQ
005 20240729202206.0
006 m o d |
007 cr cnu||||||||
008 240729s2024 xx o ||||0 eng d
020 |a 9781040109571  |q (electronic bk.) 
020 |z 9781032602035 
035 |a (MiAaPQ)EBC31498811 
035 |a (Au-PeEL)EBL31498811 
040 |a MiAaPQ  |b eng  |e rda  |e pn  |c MiAaPQ  |d MiAaPQ 
082 0 |a 302.23083 
100 1 |a Willett, Rebekah. 
245 1 0 |a Children, Media, and Pandemic Parenting :  |b Family Life in Uncertain Times. 
250 |a 1st ed. 
264 1 |a Oxford :  |b Taylor & Francis Group,  |c 2024. 
264 4 |c Ã2024. 
300 |a 1 online resource (217 pages) 
336 |a text  |b txt  |2 rdacontent 
337 |a computer  |b c  |2 rdamedia 
338 |a online resource  |b cr  |2 rdacarrier 
490 1 |a Routledge Studies in New Media and Cyberculture Series 
505 0 |a Cover -- Half Title -- Series Information -- Title Page -- Copyright Page -- Table of Contents -- List of Contributors -- Foreword -- References -- Acknowledgements -- 1 Introduction: Families, Screen Media, and Daily Life During the Pandemic -- Media and Family Life During the Pandemic: Recent Scholarship -- Media During the Pandemic -- Managing Childcare During the Pandemic -- Theoretical Lenses -- General Research Methods -- Overviews of the Chapters -- References -- 2 Space, Time, and Families' Relational Media Practices: China and Canada -- Introduction -- Literature Review and Theoretical Framework -- Space -- Crafting Spatial Boundaries -- Co-presence: Togetherness (Or Not) in Families' Screen Media Practices -- Time -- Repurposing Screen Time -- Managing Family Time -- Imagining Post-Pandemic Times -- Conclusion -- References -- 3 Temporalities and Changing Understandings of Children's Use of Media: Australia, China, and the United States -- Introduction -- Theoretical Frame: Time and Temporal Imaginaries -- New Distinctions Around Purposes for Children's Use of Media -- Increased Understandings of Media Content -- Exacerbated Worries About Screen Media -- Conclusion -- References -- 4 Schooling With and Through Technologies During the Pandemic: South Korea and the UK -- Introduction -- Conceptual Framework: Terrains of Parental Responsibilisation -- Case Study Analyses -- School Partnership and Responsibilisation in South Korea -- Screen Media and Responsibilisation in South Korea -- Family Schedules and Responsibilisation in South Korea -- School Partnerships and Responsibilisation in the UK -- Screen Media and Responsibilisation in the UK -- Family Schedules and Responsibilisation in the UK -- Conclusions -- References -- 5 'Just Doing Stupid Things': Affective Affinities for Imagining Children's Digital Creativity -- Introduction. 
505 8 |a Perceptive and Epistemological Implications of Parental Imaginaries -- Imaginaries of the Creative Child -- Imaginaries of the Good Parent -- Parental Imaginaries of Childhood and Digital Media -- Parental Imaginaries of the Rhetorics of Play and Digital Creativity -- Conceptual Approach -- Conceptual Apparatus -- Data and Methods -- Findings and Discussion -- Parental Imaginaries and Digital Creativity -- Kate's Story (Australia): Curated Creativity -- Jade's Story (Australia): Balancing Act Between Convention and Innovation -- Bee's Story (Australia): The Phantasmagorical Digital Realm -- Suspension of the Parental Imaginary: (Lack Of) Control -- Koshka's Story (UK): Go for It, Go Crazy -- Conflicted Parental Imaginaries: Coping-Not-Coping -- Paula and Pablo's Story (Colombia) -- Helena's Story (Colombia) -- Parental Imaginaries Under Threat: Fear of the End of Childhood -- Daniela and Diego's Story (Colombia) -- Reconfiguring Parental Imaginaries: Creative Openings -- References -- 6 Imaginaries of Parental Controls: The State, Market, and Families -- Introduction -- The Conceptual Lens of Imaginaries -- Parental Controls in Public Imaginaries -- Parental Imaginaries of Parental Controls -- Internalising Dominant Imaginaries -- Contesting Dominant Imaginaries (During the Pandemic) -- Conclusion -- References -- 7 Conclusion: Contributions, Provocations, and Calls to Action -- Findings and Contributions -- Provocations and Calls to Actions -- References -- Appendix 1 Summaries of COVID-19 Timelines -- Australia -- Canada -- China -- Colombia -- South Korea -- United Kingdom -- United States -- Appendix 2 Overviews of Research Studies in Each Country -- Australia -- Canada -- Sources -- China -- Colombia -- South Korea -- United Kingdom -- United States -- Appendix 3 Information About Research Participants and Their Families. 
505 8 |a Appendix 4 Codebook for Data Analysis -- Index. 
520 |a This book examines changes in families' rules and routines connected with media during the pandemic and shifts in parents' understanding of children's media use. 
588 |a Description based on publisher supplied metadata and other sources. 
590 |a Electronic reproduction. Ann Arbor, Michigan : ProQuest Ebook Central, 2024. Available via World Wide Web. Access may be limited to ProQuest Ebook Central affiliated libraries.  
655 4 |a Electronic books. 
700 1 |a Zhao, Xinyu. 
776 0 8 |i Print version:  |a Willett, Rebekah  |t Children, Media, and Pandemic Parenting  |d Oxford : Taylor & Francis Group,c2024  |z 9781032602035 
797 2 |a ProQuest (Firm) 
830 0 |a Routledge Studies in New Media and Cyberculture Series 
856 4 0 |u https://ebookcentral.proquest.com/lib/matrademy/detail.action?docID=31498811  |z Click to View